LEADER 00838nam0-2200289 --450 001 9910582399503321 005 20220720121735.0 010 $a978-88-581-4549-4 100 $a20220720d2021----kmuy0itay5050 ba 101 0 $aita$cita 102 $aIT 105 $ay 001yy 200 1 $a29 luglio 1900$fMarco Albeltaro 210 $aBari$aRoma$cGLF editori Laterza$d2021 215 $aVIII, 150 p.$d21 cm 225 1 $aEconomica Laterza$v971 320 $aContiene nota bibl. (pp. 143-147) 610 0 $a"Umberto $aUccisione" 676 $a945.0843092$v23$zita 700 1$aAlbeltaro,$bMarco$0475222 801 0$aIT$bUNINA$gREICAT$2UNIMARC 901 $aBK 912 $a9910582399503321 952 $aCOLLEZ. 1623 (971)$b1286/2022$fFSPBC 959 $aFSPBC 996 $a29 luglio 1900$91732931 997 $aUNINA